Los países menos adelantados: informe de 2010. Hacia una nueva arquitectura internacional del desarrollo en favor de los PMA

Furkejuvvon:
Bibliográfalaš dieđut
Searvvušdahkki: Naciones Unidas (Dahkki)
Materiálatiipa: Girji
Giella:espánnjágiella
Almmustuhtton: Nueva York Naciones Unidas 2010
Fáttát:
Fáddágilkorat: Lasit fáddágilkoriid
Eai fáddágilkorat, Lasit vuosttaš fáddágilkora!

MARC

LEADER 00000cam a2200000 a 4500
001 UCF0764
003 CL-VaPUC
008 120607e20100000US |||||||||||||||||spa|d
020 |a 9789213123805 
082 0 4 |a 361.6  |b NAC  |2 21 
110 2 |a Naciones Unidas  |e author  |9 562488 
245 1 4 |a Los países menos adelantados: informe de 2010. Hacia una nueva arquitectura internacional del desarrollo en favor de los PMA 
300 |a 304 p 
942 |c BK 
945 |d 20120607 00:00:00  |a dcastane 
260 |a Nueva York  |b Naciones Unidas  |c 2010 
500 |a Incluye volumen separado: panorama general del Secretario General de la UNCTAD 
650 0 |a Problemas sociales  |9 258537 
650 0 |a Política social  |9 257588 
650 7 |a PAISES SUBDESARROLLADOS  |2 CL-VaPUC  |9 390454 
583 |a last modification  |c 20130325 02:01:44  |k Rodrigo Vera 
999 |c 347909  |d 347907 
952 |0 0  |1 0  |4 0  |6 361_600000000000000_NAC_2010  |7 0  |8 F  |9 449645  |a BIBENE  |b BIBENE  |d 2019-11-22  |i 4865979  |o 361.6 NAC 2010  |p 4865979  |r 2025-01-15  |w 2019-11-22  |y BK_F  |k ICO 
952 |0 0  |1 0  |4 0  |6 361_600000000000000_NAC_2010  |7 0  |8 F  |9 449646  |a BIBENE  |b BIBENE  |d 2019-11-22  |i 4865987  |o 361.6 NAC 2010  |p 4865987  |r 2025-01-15  |w 2019-11-22  |y BK_F  |k ICO